000 00272nam a2200109Ia 4500
008 190912s9999||||xx |||||||||||||| ||und||
100 _aWilliam O Bearden
245 0 _aMarketing Principles and Perspectives
260 _aUSA
_bPrentice
_c1995
300 _a631
942 _cBK
999 _c7144
_d7144